| 000 | 01401nam a2200373 i 4500 | ||
|---|---|---|---|
| 001 | 000014004 | ||
| 003 | DO-SdBNP | ||
| 005 | 20260305073958.0 | ||
| 007 | ta | ||
| 008 | 091202s2009 dr ac 001 0 spa d | ||
| 020 | _a9789945002478 | ||
| 040 |
_aDO-SdBNP _bspa _cBNPHU _erda |
||
| 082 | 4 |
_a972.93 _bG984m _222 |
|
| 100 | 1 |
_aGutiérrez Félix, Euclides, _d1936- _95673 _eautor |
|
| 245 | 1 | 4 |
_aLos magnicidios dominicanos / _cEuclides Gutiérrez Félix ; edición, Cándido Gerón. |
| 264 |
_aSanto Domingo : _bcorripio, _c2009. |
||
| 300 |
_a219 páginas : _bilustraciones, retratos; _c23 cm. |
||
| 336 |
_2rdacontent _atexto _btxt |
||
| 337 |
_2rdamedia _asin mediación _bn |
||
| 338 |
_2rdacarrier _avolumen _bnc |
||
| 500 | _aIncluye referencias bibligráficas, notas al pie de las páginas e índice onomástico | ||
| 504 | _aBibliografía : p. 207-211 | ||
| 590 | _aInventariado, 2022/BT | ||
| 650 | 4 |
_aDictadores _zRepública Dominicana _9601 |
|
| 650 | 4 |
_aPresidentes _zRepública Dominicana _9599 |
|
| 650 | 4 |
_aPresidentes _zAmérica Latina _931684 |
|
| 650 | 4 |
_aDictadores _zAmérica Latina _931685 |
|
| 650 | 4 |
_aHomicidio político _931686 |
|
| 651 | 4 |
_aRepública Dominicana _xHistoria _9170 |
|
| 651 | 0 |
_aRepública Dominicana _xPolítica y gobierno _945 |
|
| 700 | 1 |
_aGerón, Candido, _d1948- _eedición _93577 |
|
| 910 | _aValidado. Control de calidad. MMOLINA | ||
| 942 |
_2ddc _cLBS1 |
||
| 999 |
_c13608 _d13608 |
||